COREPER - postavenie a úlohy diplomová práca

Saved in:
Bibliographic Details
Main Author: Horníková, Miriam
Corporate Author: Ekonomická univerzita v Bratislave. Fakulta medzinárodných vzťahov
Other Authors: Hurná, Lucia, 1978-
Format: Book
Language:Slovak
Published: Bratislava 2010
Tags: Add Tag
No Tags, Be the first to tag this record!

MARC

LEADER 00000nam a2200000 4500
001 0121426
005 20240318121909.6
041 0 |a slo 
044 |a SK 
245 1 0 |a COREPER - postavenie a úlohy  |b diplomová práca  |c Miriam Horníková ; škol. Lucia Hurná 
264 1 |a Bratislava  |c 2010 
300 |a 72 s. 
100 1 |a Horníková, Miriam 
700 1 |a Hurná, Lucia, 1978- 
710 2 |a Ekonomická univerzita v Bratislave. Fakulta medzinárodných vzťahov